Identify the functional groups by the molecule - Statistics

General Stats
  • This quiz has been taken 8 times
  • The average score is 5 of 7
Answer Stats
IUPAC Name Functional group % Correct
Butanone Ketone
100%
Ethanal Aldehyde
83%
2 hexene Alkene
83%
2,3 dimethyl butane Alkane
67%
Formic Acid Carboxylic acid
67%
Benzene Aromatic
50%
Methoxyethane Ether
33%
No matching quizzes found
Score Distribution
Percent of People with Each Score
Percentile by Number Answered
Your Score History
You have not taken this quiz